Privatizačné kotrmelce lekární

Rozdielne názory na znenie Zákona o Liekoch a zdravotníckych pomôckach č. 140/1998 a znenie jeho dvoch paragrafov: 3 a 34. Argumenty Grémia majiteľov lekární. Argumenty Slovenskej lekárnickej komory. Stanovisko Štátneho ústavu pre kontrolu liečiv. Zadlženie lekární voči distribútorom liekov. Problem...

Ausführliche Beschreibung

Gespeichert in:
Bibliographische Detailangaben
1. Verfasser: Krištofičová, Dagmar
Format: Buchkapitel
Sprache:Slowakisch
Schlagworte:
Tags: Tag hinzufügen
Keine Tags, Fügen Sie das erste Tag hinzu!

MARC

LEADER 00000naa a2200000 4500
001 r034408
005 20230919123751.3
041 0 |a slo 
044 |a SK 
245 1 0 |a Privatizačné kotrmelce lekární  |c Dagmar Krištofičová 
520 |a Rozdielne názory na znenie Zákona o Liekoch a zdravotníckych pomôckach č. 140/1998 a znenie jeho dvoch paragrafov: 3 a 34. Argumenty Grémia majiteľov lekární. Argumenty Slovenskej lekárnickej komory. Stanovisko Štátneho ústavu pre kontrolu liečiv. Zadlženie lekární voči distribútorom liekov. Problematika privatizácie lekární a jej praktiky. Vlastníctvo a počet lekární na obyvateľa v krajinách EÚ. 
610 2 0 |a lekárne 
610 2 0 |a privatizácia 
610 2 0 |a zákony 
610 2 0 |a lekárnictvo 
610 2 0 |a distribúcia 
610 2 0 |a zadlženosť 
610 2 0 |a starostlivosť zdravotná 
610 2 0 |a Slovensko 
610 2 0 |a 1998 
100 1 |a Krištofičová, Dagmar